[Event "First Saturday 2009 may FM-A"]
[Site "Budapest"]
[Date "2009.05.02"]
[Round "1"]
[White "Katona, Jozsef"]
[Black "Nagy, Laszlo"]
[Result "1/2-1/2"]
[WhiteElo "1951"]
[BlackElo "2046"]
[PlyCount "50"]
[EventDate "2009.05.02"]

1. d4 g6 2. e4 Bg7 3. c3 d6 4. Bd3 Nf6 5. Nf3 O-O 6. O-O Nbd7 7. Re1 e5 8. Nbd2
Qe7 9. a4 c5 10. dxe5 dxe5 11. Nc4 b6 12. Bf1 Bb7 13. Nd6 Rab8 14. Bg5 h6 15.
Bh4 g5 16. Bg3 Nxe4 17. Nxe4 Bxe4 18. Rxe4 f5 19. Qd5+ Kh7 20. Rxe5 Nxe5 21.
Nxe5 Rbd8 22. Nc6 Rxd5 23. Nxe7 Rd7 24. Bb5 Rxe7 25. Bd6 Rfe8 1/2-1/2

[Event "First Saturday 2009 may FM-A"]
[Site "Budapest"]
[Date "2009.05.02"]
[Round "1"]
[White "Henrichsen, Jens"]
[Black "Mayer, Istvan"]
[Result "0-1"]
[WhiteElo "1971"]
[BlackElo "2124"]
[PlyCount "62"]
[EventDate "2009.05.02"]

1. d4 Nf6 2. c4 g6 3. Nc3 Bg7 4. e4 d6 5. Be2 c6 6. Nf3 O-O 7. O-O Qc7 8. h3
Nbd7 9. Be3 e5 10. dxe5 dxe5 11. Qd2 Re8 12. Rfd1 Bf8 13. Qc2 b6 14. a3 a5 15.
b3 Bb7 16. Bg5 h6 17. Bc1 b5 18. Bb2 b4 19. Nb1 c5 20. Bd3 Nh5 21. Nbd2 Nf4 22.
Nf1 f5 23. Ng3 Rad8 24. axb4 Nxd3 25. Rxd3 fxe4 26. Rxd7 Qxd7 27. Nxe4 Qf5 28.
Re1 axb4 29. Nh4 Qf7 30. Re3 Re6 31. Rf3 Qe7 0-1

[Event "First Saturday 2009 may FM-A"]
[Site "Budapest"]
[Date "2009.05.02"]
[Round "1"]
[White "Heyl, Thomas"]
[Black "Sipos, Gabor"]
[Result "0-1"]
[WhiteElo "2051"]
[BlackElo "2126"]
[PlyCount "76"]
[EventDate "2009.05.02"]

1. d4 Nf6 2. Nf3 g6 3. e3 Bg7 4. b3 d6 5. Bb2 Nbd7 6. Be2 c5 7. O-O b6 8. d5
Bb7 9. c4 O-O 10. Nc3 Ne8 11. Qc2 a6 12. a4 e5 13. dxe6 fxe6 14. e4 g5 15. Rad1
g4 16. Ne1 Qh4 17. Rd3 Be5 18. g3 Qg5 19. f3 gxf3 20. Rdxf3 Ng7 21. Rxf8+ Rxf8
22. Rxf8+ Kxf8 23. Bf3 Bd4+ 24. Kg2 Qe3 25. Nd3 Qg1+ 26. Kh3 Qf1+ 27. Bg2 Qf6
28. Qc1 Ke7 29. Nd1 e5 30. Nc3 Bxc3 31. Bxc3 Bc8 32. g4 Nf8 33. Kg3 Ng6 34. h3
Qh4+ 35. Kf3 Ne6 36. Qe1 Qf6+ 37. Kg3 Nef4 38. Qe3 Nxd3 0-1

[Event "First Saturday 2009 may FM-A"]
[Site "Budapest"]
[Date "2009.05.02"]
[Round "1"]
[White "Probst, Albert"]
[Black "Letay, Gyula"]
[Result "1-0"]
[WhiteElo "2104"]
[BlackElo "2067"]
[PlyCount "63"]
[EventDate "2009.05.02"]

1. Nf3 Nf6 2. d4 d5 3. c4 e6 4. Nc3 Be7 5. g3 O-O 6. Bg2 b6 7. cxd5 exd5 8. O-O
h6 9. Bf4 a6 10. Rc1 Bb7 11. Qd3 c5 12. dxc5 bxc5 13. Rfd1 d4 14. Na4 Qa5 15.
Qa3 Nd5 16. Nxc5 Qxa3 17. bxa3 Bxc5 18. Rxc5 Nc3 19. Re1 Bxf3 20. Bxf3 Ra7 21.
e3 Nb5 22. a4 Nd7 23. Rc6 g5 24. axb5 gxf4 25. b6 Ne5 26. bxa7 Nxf3+ 27. Kf1
Kg7 28. Rxa6 Ra8 29. Rd1 dxe3 30. fxe3 fxe3 31. Ke2 Nxh2 32. Rb1 1-0

[Event "First Saturday 2009 may FM-A"]
[Site "Budapest"]
[Date "2009.05.02"]
[Round "1"]
[White "Schenkerik, Csaba"]
[Black "Kapferer, Romed"]
[Result "1/2-1/2"]
[WhiteElo "2215"]
[BlackElo "2044"]
[PlyCount "42"]
[EventDate "2009.05.02"]

1. e4 c6 2. d4 d5 3. e5 c5 4. c3 Nc6 5. Be2 cxd4 6. cxd4 Qb6 7. Nc3 e6 8. Nf3
Bb4 9. O-O Nge7 10. Na4 Qd8 11. a3 Ba5 12. b4 Bc7 13. Bb2 O-O 14. Rc1 Bb6 15.
Qb3 Nf5 16. Nc5 a6 17. Rc2 f6 18. Rfc1 fxe5 19. dxe5 Nh4 20. Ne1 Ng6 21. Qg3
Nf4 1/2-1/2

[Event "First Saturday 2009 may FM-A"]
[Site "Budapest"]
[Date "2009.05.03"]
[Round "2"]
[White "Nagy, Laszlo"]
[Black "Kapferer, Romed"]
[Result "0-1"]
[WhiteElo "2046"]
[BlackElo "2044"]
[PlyCount "56"]
[EventDate "2009.05.02"]

1. e4 c6 2. d4 d5 3. Nc3 dxe4 4. Nxe4 Nf6 5. Ng3 h5 6. h4 Bg4 7. Be2 Qc7 8. Nf3
Nbd7 9. Be3 e6 10. Qd3 Bd6 11. Nf1 Bf5 12. Qb3 a5 13. a4 Nd5 14. O-O-O O-O 15.
c4 Nb4 16. Ne1 Nf6 17. Nd3 b6 18. c5 bxc5 19. dxc5 Be7 20. Ng3 Bxd3 21. Bxd3
Rfb8 22. Ne4 Nbd5 23. Qc2 Qe5 24. Rd2 Nxe3 25. Nxf6+ Bxf6 26. fxe3 Qxe3 27. Rh3
Qe1+ 28. Rd1 Bxb2+ 0-1

[Event "First Saturday 2009 may FM-A"]
[Site "Budapest"]
[Date "2009.05.03"]
[Round "2"]
[White "Mayer, Istvan"]
[Black "Heyl, Thomas"]
[Result "1/2-1/2"]
[WhiteElo "2124"]
[BlackElo "2051"]
[PlyCount "70"]
[EventDate "2009.05.02"]

1. e4 c5 2. Nf3 e6 3. d4 cxd4 4. Nxd4 a6 5. c4 Nf6 6. Nc3 Qc7 7. a3 Nc6 8. Be3
Ne5 9. f3 Nc6 10. Be2 Nxd4 11. Qxd4 d6 12. g4 h6 13. b4 Be7 14. h4 e5 15. Qd2
Be6 16. Rc1 Rc8 17. Kf2 Qd8 18. g5 Nh5 19. Nd5 Bxd5 20. Qxd5 hxg5 21. Qxb7 gxh4
22. c5 dxc5 23. Bxa6 Rb8 24. Qc6+ Qd7 25. b5 Qxc6 26. bxc6 Rb2+ 27. Ke1 Ng3 28.
Rh3 Rb6 29. c7 Kd7 30. Bxc5 Rxa6 31. Bxe7 Kxe7 32. c8=Q Rxc8 33. Rxc8 Rxa3 34.
Rxh4 Rxf3 35. Rg4 g6 1/2-1/2

[Event "First Saturday 2009 may FM-A"]
[Site "Budapest"]
[Date "2009.05.03"]
[Round "2"]
[White "Katona, Jozsef"]
[Black "Henrichsen, Jens"]
[Result "1-0"]
[WhiteElo "1951"]
[BlackElo "1971"]
[PlyCount "116"]
[EventDate "2009.05.02"]

1. d4 Nf6 2. c4 g6 3. g3 Bg7 4. Bg2 O-O 5. e4 d6 6. Ne2 c5 7. Nbc3 cxd4 8. Nxd4
Nbd7 9. O-O Ne5 10. b3 Bd7 11. Bb2 a6 12. h3 Rc8 13. Qe2 Ne8 14. Rad1 Qa5 15.
Nd5 Qd8 16. a4 e6 17. Ne3 Qc7 18. Ba3 f5 19. f4 Nc6 20. Ndc2 fxe4 21. Bxe4 Na5
22. Qd3 e5 23. f5 gxf5 24. Bxf5 Bxf5 25. Rxf5 Rxf5 26. Qxf5 Rd8 27. Qe6+ Qf7
28. Qxf7+ Kxf7 29. b4 Nb3 30. Nf5 Bf8 31. Rd3 Nd4 32. Nfxd4 exd4 33. Rxd4 Bg7
34. Rf4+ Kg6 35. Rg4+ Kf7 36. Rf4+ Kg6 37. Ne3 Nc7 38. Re4 Be5 39. Kg2 Re8 40.
g4 Ne6 41. Nf5 Nf4+ 42. Kf1 Nxh3 43. Nxd6 Rf8+ 44. Nf5 Re8 45. Bb2 Kf6 46. b5
axb5 47. cxb5 Ng5 48. Rxe5 Rxe5 49. a5 Ne6 50. Nd6 Nc5 51. b6 Ke6 52. Bxe5 Kxe5
53. Nxb7 Nd7 54. Kg2 Kd5 55. Nd8 Kd6 56. Kf3 Ne5+ 57. Kf4 Nc4 58. Nf7+ Ke7 1-0

[Event "First Saturday 2009 may FM-A"]
[Site "Budapest"]
[Date "2009.05.04"]
[Round "3"]
[White "Henrichsen, Jens"]
[Black "Nagy, Laszlo"]
[Result "0-1"]
[WhiteElo "1971"]
[BlackElo "2046"]
[PlyCount "90"]
[EventDate "2009.05.02"]

1. d4 Nf6 2. c4 c5 3. d5 e6 4. Nc3 exd5 5. cxd5 d6 6. e4 g6 7. Nf3 Bg7 8. h3
O-O 9. Bd3 Na6 10. O-O Nc7 11. a4 a6 12. Bf4 Rb8 13. a5 b5 14. axb6 Rxb6 15.
Ra2 Nfe8 16. Bg5 f6 17. Be3 Qe7 18. Nd2 f5 19. Nc4 Rb4 20. Na5 f4 21. Nc6 Qh4
22. Bxf4 Qxf4 23. Nxb4 cxb4 24. Ne2 Qh6 25. f4 Nf6 26. e5 Nh5 27. exd6 Ne8 28.
Bxa6 Bd7 29. Bc4 Nxf4 30. Nxf4 Rxf4 31. Rxf4 Qxf4 32. b3 Bd4+ 33. Kh1 Be5 34.
Kg1 Nf6 35. Ra8+ Kg7 36. Qf3 Qh2+ 37. Kf1 Qh1+ 38. Ke2 Qc1 39. g4 Bc3 40. Kf2
h5 41. gxh5 Bd4+ 42. Ke2 Qc2+ 43. Kf1 Bf5 44. d7 Nxd7 45. d6 Bxh3+ 0-1

[Event "First Saturday 2009 may FM-A"]
[Site "Budapest"]
[Date "2009.05.04"]
[Round "3"]
[White "Heyl, Thomas"]
[Black "Katona, Jozsef"]
[Result "0-1"]
[WhiteElo "2051"]
[BlackElo "1951"]
[PlyCount "66"]
[EventDate "2009.05.02"]

1. d4 g6 2. Nf3 Bg7 3. e3 d6 4. Be2 c6 5. O-O b5 6. a4 b4 7. c3 a5 8. cxb4 axb4
9. Qb3 Na6 10. Rd1 Rb8 11. Nbd2 Nf6 12. Qc2 Qc7 13. b3 O-O 14. Bb2 Bb7 15. Rac1
Rfc8 16. Ne1 Nd5 17. g3 c5 18. Nb1 cxd4 19. Qxc7 Naxc7 20. exd4 Ne6 21. Bc4 Ng5
22. Bxd5 Bxd5 23. Nd2 f5 24. f4 Ne4 25. Nc4 Kf7 26. Nf3 h6 27. Nfd2 Nc3 28.
Bxc3 bxc3 29. Nb1 Rxb3 30. Ne3 Bf3 31. Rd3 Be4 32. Rdxc3 Rcxc3 33. Nxc3 Bxd4
0-1

[Event "First Saturday 2009 may FM-A"]
[Site "Budapest"]
[Date "2009.05.04"]
[Round "3"]
[White "Schenkerik, Csaba"]
[Black "Sipos, Gabor"]
[Result "0-1"]
[WhiteElo "2215"]
[BlackElo "2126"]
[PlyCount "125"]
[EventDate "2009.05.02"]

1. e4 c6 2. d4 d5 3. f3 e5 4. dxe5 Bc5 5. Nc3 Ne7 6. exd5 cxd5 7. Bb5+ Nbc6 8.
Nge2 O-O 9. Bg5 d4 10. Bxc6 dxc3 11. Qxd8 Rxd8 12. Nxc3 bxc6 13. Ne4 h6 14. Bh4
g5 15. Bxg5 hxg5 16. Nxc5 Rd5 17. Ne4 Rxe5 18. O-O-O Be6 19. h4 gxh4 20. Rxh4
Ng6 21. Rh2 Kf8 22. g3 Ke7 23. Rhd2 Bd5 24. Rd4 Bxe4 25. fxe4 Nf8 26. Rb4 Rb5
27. Rbd4 Rb7 28. R1d3 Rd7 29. Rc4 Rc8 30. Kd2 Ng6 31. Kc3 Ne5 32. Rxd7+ Kxd7
33. Ra4 Rc7 34. Kd4 Ke6 35. b3 f6 36. Ke3 Nd7 37. Ra5 c5 38. c4 Nb8 39. Rb5 Nd7
40. Kf4 a6 41. Ra5 Rc6 42. a3 Ne5 43. Ra4 Ng6+ 44. Ke3 Ke5 45. b4 cxb4 46. axb4
Rxc4 47. Ra5+ Ke6 48. Rxa6+ Kf7 49. Ra7+ Ne7 50. b5 Rb4 51. Rb7 Ke6 52. Rb8
Rb3+ 53. Kf2 Ng6 54. Kg2 Ne5 55. Rb6+ Ke7 56. Kh3 Re3 57. Rb7+ Nd7 58. Kg4
Rxe4+ 59. Kf5 Re5+ 60. Kf4 Kd6 61. g4 Rg5 62. b6 Rb5 63. Ke4 0-1

[Event "First Saturday 2009 may FM-A"]
[Site "Budapest"]
[Date "2009.05.04"]
[Round "3"]
[White "Kapferer, Romed"]
[Black "Letay, Gyula"]
[Result "1-0"]
[WhiteElo "2044"]
[BlackElo "2067"]
[PlyCount "71"]
[EventDate "2009.05.02"]

1. e4 c5 2. d4 cxd4 3. c3 d3 4. c4 d6 5. Bxd3 Nc6 6. Nc3 g6 7. Nge2 Bg7 8. O-O
Nf6 9. h3 O-O 10. Be3 Ne5 11. f4 Nxd3 12. Qxd3 Qc7 13. Rac1 b6 14. Bd4 Bb7 15.
Nd5 Bxd5 16. cxd5 Qd7 17. Rc6 Rac8 18. Rfc1 Rxc6 19. dxc6 Qc7 20. b4 e5 21. Be3
Rd8 22. fxe5 dxe5 23. Qc4 Ne8 24. b5 Nd6 25. Qa4 f5 26. Nc3 fxe4 27. Bg5 Rf8
28. Rd1 h6 29. Be3 Rd8 30. Nxe4 Nf5 31. Rxd8+ Qxd8 32. Bd2 Qe7 33. Qc4+ Kh7 34.
Bb4 Qd8 35. c7 Qd1+ 36. Kf2 1-0

[Event "First Saturday 2009 may FM-A"]
[Site "Budapest"]
[Date "2009.05.05"]
[Round "4"]
[White "Nagy, Laszlo"]
[Black "Letay, Gyula"]
[Result "0-1"]
[WhiteElo "2046"]
[BlackElo "2067"]
[PlyCount "82"]
[EventDate "2009.05.02"]

1. e4 e5 2. Nf3 Nc6 3. Bc4 Bc5 4. O-O Nf6 5. Nc3 a6 6. a4 d6 7. h3 O-O 8. d3 h6
9. Be3 Bxe3 10. fxe3 Nh7 11. Qe2 Be6 12. d4 Bxc4 13. Qxc4 Ng5 14. Nxg5 Qxg5 15.
Rf3 Qe7 16. Raf1 Rac8 17. b4 Nd8 18. b5 axb5 19. axb5 c6 20. b6 Qe6 21. Qd3 Qe7
22. d5 Qd7 23. Rd1 c5 24. Qb5 Qe7 25. Qc4 Ra8 26. Rb1 f6 27. Nb5 Qd7 28. Rff1
Ra5 29. Rb2 Nf7 30. Nc3 Ng5 31. Ra2 Rfa8 32. Rfa1 Rxa2 33. Rxa2 Rf8 34. Qe2 f5
35. exf5 Qxf5 36. e4 Qf4 37. Qd3 Qf2+ 38. Kh1 Qe1+ 39. Kh2 Nf3+ 40. gxf3 Qf2+
41. Kh1 Rxf3 0-1

[Event "First Saturday 2009 may FM-A"]
[Site "Budapest"]
[Date "2009.05.05"]
[Round "4"]
[White "Sipos, Gabor"]
[Black "Kapferer, Romed"]
[Result "1/2-1/2"]
[WhiteElo "2126"]
[BlackElo "2044"]
[PlyCount "45"]
[EventDate "2009.05.02"]

1. e4 c6 2. d4 d5 3. Nc3 dxe4 4. Nxe4 Nf6 5. Nxf6+ gxf6 6. c3 Bf5 7. Nf3 Qc7 8.
g3 e6 9. Bg2 Nd7 10. Qe2 Bg4 11. O-O O-O-O 12. b4 Bd6 13. h3 Bh5 14. g4 Bg6 15.
Nh4 Kb8 16. f4 f5 17. Bd2 Rdg8 18. c4 fxg4 19. hxg4 Bc2 20. a4 Be7 21. Bc1 Bf6
22. Nf3 Bg6 23. Ne5 1/2-1/2

[Event "First Saturday 2009 may FM-A"]
[Site "Budapest"]
[Date "2009.05.05"]
[Round "4"]
[White "Mayer, Istvan"]
[Black "Schenkerik, Csaba"]
[Result "1-0"]
[WhiteElo "2124"]
[BlackElo "2215"]
[PlyCount "77"]
[EventDate "2009.05.02"]

1. e4 e5 2. Bc4 Nf6 3. Qe2 Be7 4. Nf3 d6 5. d4 exd4 6. Nxd4 Nc6 7. Nxc6 bxc6 8.
Nc3 O-O 9. Bd3 d5 10. O-O Rb8 11. e5 Nd7 12. a3 Nc5 13. b4 Ne6 14. Qd1 f5 15.
Ne2 c5 16. c3 c4 17. Bc2 c5 18. Be3 f4 19. Bxc5 Bxc5 20. bxc5 f3 21. Nd4 fxg2
22. Re1 Qh4 23. Nf3 Qg4 24. Nd4 Qf4 25. Re2 Ng5 26. f3 Nxf3+ 27. Nxf3 Qxf3 28.
Rxg2 Qe3+ 29. Kh1 Qxe5 30. Qd2 Be6 31. Re1 Qf6 32. Rg5 Rb2 33. Qe3 Rxc2 34.
Qxe6+ Qxe6 35. Rxe6 Rxc3 36. c6 Rxa3 37. c7 Kf7 38. Rf5+ Kxe6 39. Rxf8 1-0

[Event "First Saturday 2009 may FM-A"]
[Site "Budapest"]
[Date "2009.05.05"]
[Round "4"]
[White "Katona, Jozsef"]
[Black "Probst, Albert"]
[Result "0-1"]
[WhiteElo "1951"]
[BlackElo "2104"]
[PlyCount "110"]
[EventDate "2009.05.02"]

1. d4 g6 2. e4 Bg7 3. Nf3 d6 4. c3 Bg4 5. Be2 Nc6 6. O-O e5 7. d5 Nce7 8. Ng5
Bxe2 9. Qxe2 h6 10. Nh3 f5 11. f3 Nf6 12. c4 Qd7 13. b4 O-O 14. Nc3 g5 15. Nf2
Ng6 16. c5 f4 17. Bd2 h5 18. Rac1 g4 19. cxd6 cxd6 20. Nb5 gxf3 21. gxf3 Rfc8
22. Kh1 Nh4 23. Nc3 Kh7 24. a4 Bh6 25. Rg1 Rg8 26. b5 Rxg1+ 27. Rxg1 Rg8 28.
Rxg8 Kxg8 29. Nd3 Qh3 30. Ne1 Nh7 31. Nd1 Ng5 32. Nf2 Qc8 33. Nfd3 Bf8 34. Nf2
Be7 35. a5 Qc5 36. h3 Kf7 37. Kh2 Qa3 38. Nfd3 Qb3 39. Qf2 Qxb5 40. Bb4 Nhxf3+
41. Nxf3 Qxd3 42. Nxg5+ Bxg5 43. Qg2 Be7 44. Be1 f3 45. Qg3 Qxe4 46. Bf2 a6 47.
h4 Qxd5 48. Be3 Qa2+ 49. Bf2 Qe2 50. Kg1 Qe4 51. Kh1 Qg4 52. Qh2 d5 53. Bg3 Bf6
54. Bf2 d4 55. Be1 Qg2+ 0-1

[Event "First Saturday 2009 may FM-A"]
[Site "Budapest"]
[Date "2009.05.05"]
[Round "4"]
[White "Henrichsen, Jens"]
[Black "Heyl, Thomas"]
[Result "1/2-1/2"]
[WhiteElo "1971"]
[BlackElo "2051"]
[PlyCount "74"]
[EventDate "2009.05.02"]

1. d4 d5 2. c4 e6 3. Nf3 Nf6 4. Nc3 Nbd7 5. Bg5 Bb4 6. Bxf6 Qxf6 7. e3 c6 8.
Rc1 O-O 9. Bd3 dxc4 10. Bxc4 e5 11. O-O Bxc3 12. Rxc3 e4 13. Nd2 Qg6 14. f3 Nf6
15. Nxe4 Nxe4 16. fxe4 Qxe4 17. Rf4 Qe7 18. Qf3 Be6 19. Qe4 Rfe8 20. Bxe6 Qxe6
21. Qxe6 fxe6 22. Rc5 e5 23. Rxe5 Rxe5 24. dxe5 Re8 25. Re4 Kf7 26. b4 Ke6 27.
a4 Re7 28. Kf2 Kd5 29. Kf3 b6 30. Rd4+ Kxe5 31. Re4+ Kd6 32. Rd4+ Kc7 33. Rh4
h6 34. Rc4 Rf7+ 35. Rf4 Re7 36. Re4 Rf7+ 37. Rf4 Re7 1/2-1/2

[Event "First Saturday 2009 may FM-A"]
[Site "Budapest"]
[Date "2009.05.06"]
[Round "5"]
[White "Heyl, Thomas"]
[Black "Nagy, Laszlo"]
[Result "1/2-1/2"]
[WhiteElo "2051"]
[BlackElo "2046"]
[PlyCount "30"]
[EventDate "2009.05.02"]

1. d4 d5 2. Nf3 Nf6 3. e3 c6 4. Bd3 g6 5. O-O Bg7 6. Nbd2 O-O 7. b4 Nbd7 8. a4
e5 9. Nxe5 Nxe5 10. dxe5 Ng4 11. Bb2 Nxe5 12. Rb1 Bf5 13. Nf3 Qe7 14. Nxe5 Bxe5
15. c4 Bxb2 1/2-1/2

[Event "First Saturday 2009 may FM-A"]
[Site "Budapest"]
[Date "2009.05.06"]
[Round "5"]
[White "Probst, Albert"]
[Black "Henrichsen, Jens"]
[Result "1-0"]
[WhiteElo "2104"]
[BlackElo "1971"]
[PlyCount "53"]
[EventDate "2009.05.02"]

1. d4 Nf6 2. c4 e6 3. Nc3 Bb4 4. Qc2 d5 5. cxd5 exd5 6. Bg5 h6 7. Bh4 c5 8.
dxc5 g5 9. Bg3 Ne4 10. Bxb8 Qf6 11. O-O-O Nxc3 12. bxc3 Ba3+ 13. Kb1 Bf5 14. e4
Bxe4 15. Bb5+ Kf8 16. Bd6+ Kg7 17. Bd3 Bxg2 18. f4 Rhe8 19. Qxg2 Qxc3 20. Qc2
Qa5 21. Be5+ Rxe5 22. fxe5 Rc8 23. Ne2 Rxc5 24. Qb3 Rc6 25. Nd4 Rb6 26. Nb5 a6
27. Rhf1 1-0

[Event "First Saturday 2009 may FM-A"]
[Site "Budapest"]
[Date "2009.05.06"]
[Round "5"]
[White "Kapferer, Romed"]
[Black "Mayer, Istvan"]
[Result "1/2-1/2"]
[WhiteElo "2044"]
[BlackElo "2124"]
[PlyCount "56"]
[EventDate "2009.05.02"]

1. e4 e6 2. d4 d5 3. Nc3 dxe4 4. Nxe4 Bd7 5. Bd3 Bc6 6. Nf3 Be7 7. c3 Nf6 8.
Ng3 h5 9. Qe2 h4 10. Ne4 Nxe4 11. Bxe4 Bxe4 12. Qxe4 Qd5 13. Qxd5 exd5 14. Bf4
c6 15. O-O-O f6 16. Rhe1 Kf7 17. Re2 Nd7 18. Rde1 Rae8 19. h3 g5 20. Bc7 Nf8
21. Kd2 Ng6 22. Bh2 Bd8 23. b3 Ba5 24. Kd3 Ne7 25. a3 Nf5 26. Rxe8 Rxe8 27.
Rxe8 Kxe8 28. Bb8 a6 1/2-1/2

[Event "First Saturday 2009 may FM-A"]
[Site "Budapest"]
[Date "2009.05.06"]
[Round "5"]
[White "Letay, Gyula"]
[Black "Sipos, Gabor"]
[Result "1-0"]
[WhiteElo "2067"]
[BlackElo "2126"]
[PlyCount "73"]
[EventDate "2009.05.02"]

1. e4 c5 2. Nc3 Nc6 3. g3 g6 4. Bg2 Bg7 5. d3 d6 6. Be3 Rb8 7. Qd2 e6 8. Nge2
Nd4 9. O-O Ne7 10. Nc1 b5 11. Nd1 b4 12. c3 bxc3 13. bxc3 Ndc6 14. Bh6 O-O 15.
Bxg7 Kxg7 16. f4 f6 17. Ne3 f5 18. Ne2 d5 19. exd5 exd5 20. d4 Qd6 21. h3 Ba6
22. Rfe1 Rfd8 23. Rad1 c4 24. g4 fxg4 25. hxg4 Rf8 26. Rf1 Rf7 27. Rf2 Rbf8 28.
Rdf1 Bc8 29. Rf3 Kg8 30. Qe1 Qa3 31. Ng3 Qxa2 32. f5 Kh8 33. R3f2 Qa5 34. f6
Ng8 35. Bxd5 Qc7 36. Ne4 Bb7 37. Bxf7 1-0

[Event "First Saturday 2009 may FM-A"]
[Site "Budapest"]
[Date "2009.05.07"]
[Round "6"]
[White "Nagy, Laszlo"]
[Black "Sipos, Gabor"]
[Result "0-1"]
[WhiteElo "2046"]
[BlackElo "2126"]
[PlyCount "98"]
[EventDate "2009.05.02"]

1. e4 c6 2. d4 d5 3. Nc3 dxe4 4. Nxe4 Bf5 5. Ng3 Bg6 6. h4 h6 7. Nf3 Nd7 8. Bd3
Bxd3 9. Qxd3 e6 10. Bf4 Qa5+ 11. Bd2 Qc7 12. O-O-O Ngf6 13. Kb1 O-O-O 14. Ne4
c5 15. Nxf6 c4 16. Qe2 Nxf6 17. c3 Bd6 18. g3 Nd5 19. Ne5 b5 20. f4 Kb8 21. Ka1
f6 22. Nf3 Rhe8 23. Rhe1 a6 24. Qg2 Ka7 25. Re2 Qb6 26. Rde1 Nc7 27. Be3 Nd5
28. Bd2 b4 29. Rxe6 bxc3 30. Bxc3 Rxe6 31. Rxe6 Nxc3 32. bxc3 Rb8 33. Qc2 Qc6
34. Ne1 Qd5 35. Re2 Qa5 36. Nf3 Ba3 37. Nd2 Bb2+ 38. Qxb2 Rxb2 39. Kxb2 Qc7 40.
Ne4 Qe7 41. f5 h5 42. g4 hxg4 43. Ng3 Qb7+ 44. Kc2 Qf3 45. Re7+ Kb6 46. Re6+
Kc7 47. Re7+ Kd6 48. Re6+ Kd7 49. Ne4 Qxf5 0-1

[Event "First Saturday 2009 may FM-A"]
[Site "Budapest"]
[Date "2009.05.07"]
[Round "6"]
[White "Mayer, Istvan"]
[Black "Letay, Gyula"]
[Result "1/2-1/2"]
[WhiteElo "2124"]
[BlackElo "2067"]
[PlyCount "28"]
[EventDate "2009.05.02"]

1. e4 c5 2. Nf3 d6 3. d4 cxd4 4. Nxd4 Nf6 5. Nc3 a6 6. Be2 e5 7. Nb3 Be6 8. O-O
Qc7 9. Be3 Nbd7 10. f4 Be7 11. Kh1 O-O 12. f5 Bc4 13. Bxc4 Qxc4 14. Nd2 Qc6
1/2-1/2

[Event "First Saturday 2009 may FM-A"]
[Site "Budapest"]
[Date "2009.05.07"]
[Round "6"]
[White "Katona, Jozsef"]
[Black "Kapferer, Romed"]
[Result "0-1"]
[WhiteElo "1951"]
[BlackElo "2044"]
[PlyCount "40"]
[EventDate "2009.05.02"]

1. d4 f5 2. e4 fxe4 3. Nc3 Nf6 4. Bg5 Nc6 5. h4 d6 6. Be2 d5 7. Nh3 Bxh3 8.
Rxh3 e6 9. Bh5+ g6 10. Bg4 h6 11. Be3 Nxg4 12. Qxg4 Qf6 13. O-O-O O-O-O 14. Bg5
hxg5 15. hxg5 Qg7 16. Qxe6+ Kb8 17. Rxh8 Qxh8 18. Ne2 Qh5 19. Nf4 Qxg5 20. g3
Bd6 0-1

[Event "First Saturday 2009 may FM-A"]
[Site "Budapest"]
[Date "2009.05.07"]
[Round "6"]
[White "Henrichsen, Jens"]
[Black "Schenkerik, Csaba"]
[Result "0-1"]
[WhiteElo "1971"]
[BlackElo "2215"]
[PlyCount "64"]
[EventDate "2009.05.02"]

1. d4 Nf6 2. c4 g6 3. Nc3 d5 4. Nf3 Bg7 5. Qb3 dxc4 6. Qxc4 O-O 7. e4 Bg4 8.
Be3 Nfd7 9. Qb3 Nb6 10. Rd1 Nc6 11. d5 Ne5 12. Be2 Nxf3+ 13. gxf3 Bh5 14. h4
Qc8 15. f4 Bxe2 16. Nxe2 c6 17. h5 cxd5 18. hxg6 hxg6 19. Bxb6 axb6 20. Rxd5
Ra5 21. Rxa5 bxa5 22. f5 Qc6 23. Qh3 Rd8 24. fxg6 fxg6 25. Qb3+ e6 26. Rh4 Qd6
27. Kf1 Qd1+ 28. Qxd1 Rxd1+ 29. Kg2 Rd2 30. Nc3 Rxb2 31. Rh3 Rc2 32. Na4 b5 0-1

[Event "First Saturday 2009 may FM-A"]
[Site "Budapest"]
[Date "2009.05.07"]
[Round "6"]
[White "Heyl, Thomas"]
[Black "Probst, Albert"]
[Result "0-1"]
[WhiteElo "2051"]
[BlackElo "2104"]
[PlyCount "66"]
[EventDate "2009.05.02"]

1. d4 g6 2. Nf3 Bg7 3. e3 b6 4. Be2 Bb7 5. O-O f5 6. c4 Nf6 7. b4 h6 8. Ne5 d6
9. Nxg6 Rg8 10. Nf4 e5 11. Bh5+ Ke7 12. Ng6+ Kd7 13. Bf3 Ne4 14. Bb2 Qg5 15.
Nxe5+ dxe5 16. dxe5+ Ke6 17. Na3 Na6 18. Nc2 Rad8 19. Nd4+ Ke7 20. h4 Qg6 21.
Bh5 Qh7 22. Qf3 Rdf8 23. b5 Nac5 24. Qf4 Nd3 25. Ba3+ Nec5 26. Qh2 Bxe5 27. g3
f4 28. Qh3 Rf6 29. g4 Qe4 30. Rad1 fxe3 31. fxe3 Bxd4 32. exd4 Qxd4+ 33. Kh2
Rf2+ 0-1

[Event "First Saturday 2009 may FM-A"]
[Site "Budapest"]
[Date "2009.05.08"]
[Round "7"]
[White "Kapferer, Romed"]
[Black "Henrichsen, Jens"]
[Result "1-0"]
[WhiteElo "2044"]
[BlackElo "1971"]
[PlyCount "77"]
[EventDate "2009.05.02"]

1. e4 c5 2. d4 cxd4 3. c3 d5 4. exd5 Qxd5 5. cxd4 Nc6 6. Nf3 e5 7. Nc3 Bb4 8.
Bd2 Bxc3 9. Bxc3 exd4 10. Nxd4 Nge7 11. Nxc6 Qxc6 12. Bxg7 Rg8 13. Be5 Bh3 14.
Rc1 Qe4+ 15. Qe2 Bxg2 16. Rg1 Qxe2+ 17. Bxe2 Bc6 18. Rxg8+ Nxg8 19. Rc3 Rd8 20.
Re3 Kf8 21. Bd3 h6 22. Bc7 Rd4 23. Bb8 a6 24. Be5 Rd8 25. Bf4 Bd5 26. b3 Be6
27. Be4 Bd5 28. Bh7 Kg7 29. Bf5 Bc6 30. Bd3 Kf8 31. Ke2 Kg7 32. Bc7 Rd7 33.
Be5+ Kf8 34. Bc3 Rd8 35. Bb4+ Kg7 36. Rg3+ Kf6 37. Bc3+ Ke7 38. Bh7 Bb5+ 39.
Ke1 1-0

[Event "First Saturday 2009 may FM-A"]
[Site "Budapest"]
[Date "2009.05.08"]
[Round "7"]
[White "Sipos, Gabor"]
[Black "Mayer, Istvan"]
[Result "1/2-1/2"]
[WhiteElo "2126"]
[BlackElo "2124"]
[PlyCount "23"]
[EventDate "2009.05.02"]

1. e4 e6 2. d4 d5 3. Nc3 dxe4 4. Nxe4 Bd7 5. Nf3 Bc6 6. Bd3 Nd7 7. O-O Ngf6 8.
Qe2 Be7 9. c3 h6 10. Rd1 Nxe4 11. Bxe4 Bxe4 12. Qxe4 1/2-1/2

[Event "First Saturday 2009 may FM-A"]
[Site "Budapest"]
[Date "2009.05.09"]
[Round "8"]
[White "Nagy, Laszlo"]
[Black "Mayer, Istvan"]
[Result "1/2-1/2"]
[WhiteElo "2046"]
[BlackElo "2124"]
[PlyCount "34"]
[EventDate "2009.05.02"]

1. e4 e6 2. d4 d5 3. Nd2 Nf6 4. e5 Nfd7 5. Bd3 c5 6. c3 Nc6 7. Ne2 Qb6 8. Nf3
cxd4 9. cxd4 f6 10. exf6 Bb4+ 11. Bd2 Nxf6 12. O-O Bd6 13. b3 O-O 14. Bf4 Bxf4
15. Nxf4 Ne4 16. Ne2 Qd8 17. Ng3 Ng5 1/2-1/2

[Event "First Saturday 2009 may FM-A"]
[Site "Budapest"]
[Date "2009.05.09"]
[Round "8"]
[White "Katona, Jozsef"]
[Black "Sipos, Gabor"]
[Result "0-1"]
[WhiteElo "1951"]
[BlackElo "2126"]
[PlyCount "86"]
[EventDate "2009.05.02"]

1. d4 Nf6 2. c4 e6 3. Nc3 Bb4 4. e3 d5 5. Bd3 c5 6. Nge2 Nc6 7. a3 Bxc3+ 8.
bxc3 O-O 9. O-O b6 10. Ng3 Ba6 11. cxd5 Bxd3 12. Qxd3 exd5 13. Ra2 c4 14. Qf5
Re8 15. f3 Qd7 16. Qxd7 Nxd7 17. e4 b5 18. Bf4 Nb6 19. Re2 a5 20. Rb2 b4 21.
cxb4 axb4 22. axb4 Na4 23. exd5 Nxd4 24. Rd2 Nb3 25. Rdd1 Nc3 26. d6 Nxd1 27.
Rxd1 c3 28. Ne4 c2 29. Rf1 Rec8 30. Kf2 c1=Q 31. Bxc1 Rxc1 32. Rxc1 Nxc1 33.
Nc5 Na2 34. b5 Rd8 35. d7 Nc3 36. b6 Nd5 37. b7 Nb6 38. Ke3 Kf8 39. f4 Ke7 40.
f5 Rb8 41. Na6 Rxb7 42. Nc5 Rc7 43. f6+ gxf6 0-1